| 000 | 00348nam a22001457a 4500 | ||
|---|---|---|---|
| 020 | _a81-8204-006-X | ||
| 082 |
_a648 _bSIN |
||
| 100 | _aSINGH, R.K | ||
| 245 | _aORGANISATIONOF HOUSEKEEPING MANAGEMENT | ||
| 260 |
_aDELHI _bAMAN _c2005 |
||
| 300 | _a305 | ||
| 650 | _aHOUSEKEEPING MANAGEMENT | ||
| 653 | _aHOUSEKEEPING MANAGEMENT | ||
| 942 |
_2ddc _cBK |
||
| 999 |
_c8050 _d8050 |
||